The barber of Seville and The marriage of Figaro
Gespeichert in:
| 1. Verfasser: | |
|---|---|
| Format: | Buch |
| Sprache: | Undetermined |
| Veröffentlicht: |
Gran Bretaña
John Wood
1964
|
| Schlagworte: | |
| Tags: |
Tag hinzufügen
Keine Tags, Fügen Sie den ersten Tag hinzu!
|
MARC
| LEADER | 00000nam a2200000Ia 4500 | ||
|---|---|---|---|
| 008 | 170316s9999 xx 000 0 und d | ||
| 040 | |a cru BVZT | ||
| 090 | |a 840 B-5b | ||
| 100 | |a Beaumarchais | ||
| 245 | 4 | |a The barber of Seville and The marriage of Figaro | |
| 260 | |a Gran Bretaña | ||
| 260 | |b John Wood | ||
| 260 | |c 1964 | ||
| 300 | |a 222 páginas | ||
| 650 | |a LITERATURA FRANCESA | ||
| 999 | |c 7542 |d 7542 | ||
| 942 | |c 15 D |h 840 B-5b |2 z | ||
